Phobias Click Quiz: I - Statistics

General Stats
  • This quiz has been taken 115 times
  • The average score is 10 of 13
Answer Stats
Hint Answer % Correct
Fear of Iran or Iranian culture Iranophobia
97%
Fear of Italians Italophobia
97%
Fear of Muslims Islamophobia
95%
Fear of ideas Ideophobia
93%
Fear of Indonesia or Indonesian culture Indonesiaphobia
92%
Fear of insects Insectophobia
92%
Fear of India or Indian culture Indophobia
89%
Fear of fish Ichthyophobia
80%
Fear of being alone Isolophobia
79%
Fear of doctors Iatrophobia
43%
Fear of termites Isopterophobia
39%
Fear of vertigo or falling down Illyngophobia
38%
Fear of poison Iophobia
38%
No matching quizzes found
Score Distribution
Percent of People with Each Score
Percentile by Number Answered
Your Score History
You have not taken this quiz